O planeta azul (Registo nº 32038)

Detalhes MARC
000 -Etiqueta do registo
Valores 00694nam a2200253 4500
010 ## - Número ISBN
ISBN 9789720728432
021 ## - Número do Depósito Legal
-- PT
Número 383255/14
090 ## -
-- 32038
100 ## - Dados gerais de processamento
Dados gerais 20180606 frey50
101 ## - Língua de publicação
-- por
102 ## - País de publicação
-- PT
200 ## - Titulo e menção de responsabilidade
Título próprio O planeta azul
Primeira menção de responsabilidade Luísa Ducla Soares
Outras menções de responsabilidade il. Aurélie de Sousa
205 ## - Menção da edição
Edição 1ª ed.
210 ## - Publicação
Local de publicação Porto
Nome do editor Porto Editora
Data de publicação 2015
215 ## - Descrição física 
Paginação / Volumes 63 p.
Outras indicações físicas il.
Dimensões 20 cm
225 ## - Colecção 
Título próprio da colecção Educação literária
300 ## - Notas gerais 
Texto da nota Ler + Plano Nacional de Leitura.
606 ## - Nome comum usado como assunto
ID Autoridade 506
Palavra de ordem Poesia infantil
675 ## - CDU
Notação 82-93
-- 2040
700 ## - Autor principal (pessoa individual)
ID Autoridade 2431
Apelido Soares
Nome Luísa Ducla
Datas 1939-
-- 070
701 ## - Co-autor principal (pessoa individual)
-- 440
ID Autoridade 3587
Apelido Sousa
Nome Aurélie de
801 ## - Fonte de origem
País PT
Regras de catalogação RPC
990 ## - Elementos KOHA
Tipo de documento Livro
Exemplares
Situação do levantamento Estado Biblioteca de origem Biblioteca de empréstimo Código de barras Cota Permissão de empréstimo Tipo de documento Nota relativa ao exemplar
  Completo Biblioteca Municipal de Viana Do Alentejo Biblioteca Municipal de Viana Do Alentejo 0031734 82-93 SOA Disponível Livro 10-15 anos
  Completo Biblioteca da Escola Básica e Secundária Dr Isidoro de Sousa Biblioteca da Escola Básica e Secundária Dr Isidoro de Sousa 7240 087.5 SOA Disponível Livro  
  Completo Biblioteca da Escola Básica e Secundária Dr Isidoro de Sousa Biblioteca da Escola Básica e Secundária Dr Isidoro de Sousa 7660 087.5 SOA Disponível Livro  




Powered by Koha